LEADER 05469nam 2200709Ia 450 001 9910145558403321 005 20170815113048.0 010 $a1-281-31890-6 010 $a9786611318901 010 $a0-470-69185-9 010 $a0-470-69117-4 035 $a(CKB)1000000000410179 035 $a(EBL)351452 035 $a(OCoLC)437218701 035 $a(SSID)ssj0000250383 035 $a(PQKBManifestationID)11204731 035 $a(PQKBTitleCode)TC0000250383 035 $a(PQKBWorkID)10244478 035 $a(PQKB)10065632 035 $a(MiAaPQ)EBC351452 035 $a(EXLCZ)991000000000410179 100 $a20061204d2007 uy 0 101 0 $aeng 135 $aur|n|---||||| 181 $ctxt 182 $cc 183 $acr 200 00$aStable isotopes in ecology and environmental science$b[electronic resource] /$fedited by Robert Michener and Kate Lajtha 205 $a2nd ed. 210 $aMalden, MA $cBlackwell Pub.$d2007 215 $a1 online resource (594 p.) 225 1 $aEcological methods and concepts series 300 $aDescription based upon print version of record. 311 $a1-4051-2680-9 320 $aIncludes bibliographical references and index. 327 $aStable Isotopes in Ecology and Environmental Science; Contents; Contributors; Abbreviations; Introduction; 1. Stable isotope chemistry and measurement: a primer; Introduction; What isotopes are, what makes them distinct; Properties of ecologically useful stable isotopes; Technological advances and current trends in the ecological use of isotopes; Acknowledgments; References; 2. Sources of variation in the stable isotopic composition of plants; Introduction; Carbon isotopes; Nitrogen isotopes; Hydrogen and oxygen isotopes; Conclusions; References 327 $a3. Natural 15N- and 13C-abundance as indicators of forest nitrogen status and soil carbon dynamicsIntroduction; Significance of 15N-abundance to soil carbon sequestration; Vertical changes in soil 13C-abundance and soil carbon dynamics; Conclusions; Acknowledgments; References; 4. Soil nitrogen isotope composition; Introduction; Sources of variation in soil d15N; Patterns of soil nitrogen isotope composition; Conclusions; References; 5. Isotopic study of the biology of modern and fossil vertebrates; Introduction; Vertebrate tissues in the fossil record 327 $aControls on the isotopic composition of vertebrate tissuesPreservation of biogenic isotope compositions by vertebrate fossils; Paleobiological applications; Conclusions; A post-script on workshops and literature resources; References; 6. Isotopic tracking of migrant wildlife; Introduction; Basic principles; Marine systems; Terrestrial systems (excluding deuterium); Using deuterium patterns in precipitation; Conclusions; References; 7. Natural abundance of 15N in marine planktonic ecosystems; Introduction; Background; Isotopic variation in marine nitrogen 327 $aSource delineation and isotope budgetsAnimal fractionation and food web processes; Isotopic transients in marine systems; Compound-specific nitrogen isotope analyses; Conclusions; Acknowledgment; References; 8. Stable isotope studies in marine chemoautotrophically based ecosystems: An update; Introduction; Isotopic tracing of carbon at methane seeps; Whale falls; Hydrothermal vents; Conclusions; References; 9. Stable isotope ratios as tracers in marine food webs: An update; Introduction; Methods of assessing food webs; Phytoplankton and particulate organic carbon 327 $aPhytoplankton and particulate organic nitrogenMarine food webs; Stable isotopes in marine conservation biology; Conclusions; Acknowledgments; References; 10. Stable isotope tracing of temporal and spatial variability in organic matter sources to freshwater ecosystems; Introduction; Overview of river food webs and stable isotope approaches; Stable isotope ratios of organic matter sources in stream ecosystems; C, N, and S isotopic variability and its applications in river ecology; Conclusions; Acknowledgments; References; 11. Stable isotope tracers in watershed hydrology; Introduction 327 $aBasic concepts in watershed hydrology 330 $aThis book highlights new and emerging uses of stable isotope analysis in a variety of ecological disciplines. While the use of natural abundance isotopes in ecological research is now relatively standard, new techniques and ways of interpreting patterns are developing rapidly. The second edition of this book provides a thorough, up-to-date examination of these methods of research. As part of the Ecological Methods and Concepts series which provides the latest information on experimental techniques in ecology, this book looks at a wide range of techniques that use natural abundance iso 410 0$aEcological methods and concepts series. 606 $aStable isotopes in ecological research 606 $aChemistry 608 $aElectronic books. 615 0$aStable isotopes in ecological research. 615 0$aChemistry. 676 $a577.072 676 $a577.076 686 $aUMW 152f$2stub 686 $aWC 2800$2rvk 686 $aWC 5300$2rvk 701 $aMichener$b Robert H$0896585 701 $aLajtha$b Kate$0507053 801 0$bMiAaPQ 801 1$bMiAaPQ 801 2$bMiAaPQ 906 $aBOOK 912 $a9910145558403321 996 $aStable isotopes in ecology and environmental science$92003151 997 $aUNINA LEADER 04883nam 2200661 450 001 9910810575403321 005 20200520144314.0 010 $a3-03821-667-4 010 $a3-03821-178-8 024 7 $a10.1515/9783038211785 035 $a(CKB)3460000000133023 035 $a(EBL)1433430 035 $a(SSID)ssj0001432118 035 $a(PQKBManifestationID)11818391 035 $a(PQKBTitleCode)TC0001432118 035 $a(PQKBWorkID)11408132 035 $a(PQKB)11100613 035 $a(MiAaPQ)EBC1433430 035 $a(DE-B1597)246527 035 $a(OCoLC)885338080 035 $a(OCoLC)953295004 035 $a(DE-B1597)9783038211785 035 $a(Au-PeEL)EBL1433430 035 $a(CaPaEBR)ebr11006322 035 $a(CaONFJC)MIL808871 035 $a(PPN)25470123X 035 $a(EXLCZ)993460000000133023 100 $a20141103h20142014 uy| 0 101 0 $aeng 135 $aur|n|---||||| 181 $ctxt 182 $cc 183 $acr 200 10$aArchitectural atmospheres $eon the experience and politics of architecture /$fwith texts by Gernot Bo?hme [and three others] ; Christian Borch (ed.) 210 1$aBasel :$cBirkha?user,$d[2014] 210 4$d©2014 215 $a1 online resource (112 p.) 300 $aDescription based upon print version of record. 311 $a3-03821-512-0 320 $aIncludes bibliographical references and index. 327 $aIntroduction : Why atmospheres? / Christian Borch -- Space, place, and atmosphere : peripheral perception in existential experience / Juhani Pallasmaa -- Urban atmospheres : charting new directions for architecture and urban planning / Gernot Bo?hme -- The politics of atmospheres : architecture, power, and the senses / Christian Borch -- Atmospheres, art, architecture : a conversation between Gernot Bo?hme, Christian Borch, Olafur Eliasson, and Juhani Pallasmaa. 330 $aArchitecture is increasingly understood to be a sensual, spatial experience, which means that the experience of buildings and spatial constellations is also a perception of atmospheres that are rated as positive or negative. Architects, planners, investors, and politicians must produce effects such as these according to intersubjective and communicable criteria, and not intuitively or randomly.Architectural Atmospheres addresses the growing awareness of the atmospheric dimension of architecture and provides a current, programmatic discussion of this topic. What possibilities does this approach open to architecture, what value does this knowledge have? Three essays and a conversation lead a cross-discipline discussion on the impact of architecture, and contribute to the debate first initiated by Peter Zumthor. The texts are accompanied by thirty-five color images that capture architectural moods in a variety of ways.Gernot Böhme is Professor Emeritus of Philosophy at Darmstadt Technical University and Director of the Institute for Practical Philosophy, e.V., Ipph, in Darmstadt, Germany.Christian Borch is Professor of Political Sociology at the Department of Management, Politics, and Philosophy, Copenhagen Business School, Denmark.Olafur Eliasson is a Danish-Icelandic artist. Eliasson incessantly explores our modes of perceiving. His work spans photography, installation, sculpture, and film.Juhani Pallasmaa is one of Finland's most distinguished architects and architectural thinkers. 330 $aArchitektur wird vermehrt als ein sinnlicher Erfahrungsraum verstanden. So ist das Erleben von Bauten und Raumkonstellationen immer auch ein Wahrnehmen von positiv oder negativ gewerteten Atmosphären. Architekten, Planer, Investoren und Politiker sind darauf angewiesen, solche Wirkungen nicht intuitiv oder zufällig, sondern nach intersubjektiven und kommunizierbaren Kriterien zu erzeugen.Architectural Atmospheres greift das wachsende Bewusstsein für die atmosphärische Dimension der Architektur auf und liefert eine aktuelle, programmatische Auseinandersetzung mit diesem Themenfeld. Welche Möglichkeiten eröffnet dieser Zugang zur Architektur, wo liegt sein Erkenntniswert? Drei Essays und ein Gespräch verhandeln fächerübergreifend die Wirkungsmacht der Architektur und regen zu einer Fortsetzung der von Peter Zumthor initiierten Debatte an. Die Texte werden von rund 35 farbigen Abbildungen begleitet, die in vielfältiger Weise architektonische Stimmungen auffangen. 606 $aArchitecture 606 $aArchitecture$xPolitical aspects 615 0$aArchitecture. 615 0$aArchitecture$xPolitical aspects. 676 $a720 686 $aLH 67100$2rvk 700 $aBo?hme$b Gernot$0386480 702 $aBorch$b Christian 801 0$bMiAaPQ 801 1$bMiAaPQ 801 2$bMiAaPQ 906 $aBOOK 912 $a9910810575403321 996 $aArchitectural atmospheres$93926958 997 $aUNINA